000 00602nam a2200229Ia 4500
003 OSt
005 20220928104803.0
006 a|||||r|||| 00| 0
007 ta
008 220927b |||||||| |||| 00| 0 eng d
024 _a34989
037 _cTextual
040 _aSDCL
_cSDCL
_beng
041 _2eng
_aeng
082 _aO152,3N43,1, P7
100 _aPatanaik Shiv Shankar
_9412064
245 0 _aEklavya
260 _aRaipur
_bShataski Prakashan
_c2007
300 _a304p.
_ccm.
942 _hO152,3N43,1, P7
_cTEXL
_2CC
999 _c727786
_d727786